| 000 | 00670cam a2200205 4500 | ||
|---|---|---|---|
| 001 | J112204 | ||
| 008 | 000000n2000 000 0 eng u | ||
| 035 | _a(Sirsi) u112204 | ||
| 050 | _a692.21 | ||
| 110 |
_aUnited Kingdom _bDepartment of Trade and Industry |
||
| 245 | _aEffectiveness of the Furniture and Furnishings (Fire) (Safety) Regulations 1988 | ||
| 260 |
_aLondon _bDTI _c2000 |
||
| 300 | _a49p. ; 30cm. | ||
| 650 | _aMANAGEMENT-HEALTH AND SAFETY-FIRE SAFETY | ||
| 650 | _aFIRE PRECAUTIONS | ||
| 650 | _aFURNITURE AND FURNISHINGS (FIRE) (SAFETY) REGULATIONS 1988 | ||
| 650 | _aINFLAMMABLE MATERIALS | ||
| 690 |
_aHealth and safety _96244 |
||
| 942 | _n0 | ||
| 999 |
_c101372 _d101372 |
||